Comuni della Provincia di Barletta-Andria-Trani (con mappa) - Statistics

Statistiche generali
  • Questo quiz è stato fatto 65 volte
  • Il punteggio medio è 8 su 10
Risposte nella Mappa
Le risposte nella mappa del quiz sottostante sono codificate secondo una scala di colori dal rosso al verde in base alla % di persone che hanno risposto correttamente.
 
Statistiche sulle risposte
Risposta % Corretto
Andria
100%
Barletta
100%
Trani
100%
Margherita di Savoia
97%
Bisceglie
78%
Spinazzola
78%
Trinitapoli
78%
Canosa di Puglia
72%
San Ferdinando di Puglia
69%
Minervino Murge
56%
Nessun quiz corrispondente trovato
Distribuzione punteggi
Percentuale di utenti per punteggio
Percentile per numero di risposta
I tuoi punteggi nel tempo
Non hai fatto questo quiz